000
00335 a2200109 4500
001
ART_53310
005
20260410162008.0
008
260409a
245
1
0
_a
Medidas cautelares dictadas por juez incompetente
100
1
_a
Tomas, Lucas P.
773
0
_t
Temas de derecho civil
_g
- Año 7, N° 9 (sep. 2021)
_w
REV34778
999
_c
31970
_d
31970